| 000 | 05081nam a22002657a 4500 | ||
|---|---|---|---|
| 005 | 20250407123855.0 | ||
| 008 | 241113b ||||| |||| 00| 0 eng d | ||
| 020 | _a9789390132751 | ||
| 040 | _cAL | ||
| 041 | _aKannada | ||
| 082 |
_223 _a158.1K _bGARI |
||
| 100 |
_aGARCIA (Hector) MIRALLES (Francesc) _9207773 |
||
| 100 |
_b ಹೆಕ್ಟರ್ ಗಾರ್ಸಿಯ ಮತ್ತು ಫ್ರಾನ್ಸಿಸ್ಕ್ ಮಿರೆಯೆಸ್ _9207774 |
||
| 245 |
_aIkigai Payana _bಇಕಿಗಾಯ್ ಪಯಣ: |
||
| 260 |
_aPune _bWow Publishings Pvt.Ltd _c2024 |
||
| 300 |
_a218 p. _bPB _c21.5x14 cm. |
||
| 365 |
_aBLCR045 _b₹196.00 _c₹ _d₹245.00 _e20% _f11-11-2024 |
||
| 520 | _a‘ಇಕಿಗಾಯ್ ಪಯಣ’ ಎಂಬ ಈ ಕೃತಿಯಲ್ಲಿ, ಹೆಕ್ಟರ್ ಗಾರ್ಸಿಯ ಮತ್ತು ಫ್ರಾನ್ಸಿಸ್ಕ್ ಮಿರೆಯೆಸ್ ಎಂಬ ಈ ಇಬ್ಬರೂ ಲೇಖಕರು ‘ಇಕಿಗಾಯ್: ದೀರ್ಘ ಮತ್ತು ಸಂತಸಕರ ಜೀವನಕ್ಕೆ ಜಪಾನಿಯರ ಗುಟ್ಟು’ ಎಂಬ ಅಂತರಾಷ್ಟಿçÃಯ ಮಟ್ಟದಲ್ಲಿ ಉತ್ತಮವಾಗಿ ಮಾರಾಟಗೊಂಡ ತಮ್ಮ ಈ ಹಿಂದಿನ ಕೃತಿಯನ್ನು ಮತ್ತೊಂದು ಹೆಜ್ಜೆ ಮುಂದೆ ಒಯ್ದಿದ್ದಾರೆ. ಅದು ಹೇಗೆಂದರೆ ಹೊಸ ಹೊಸ ಹವ್ಯಾಸಗಳನ್ನು ರೂಢಿಸಿಕೊಳ್ಳುವುದು ಮತ್ತು ನಿಮ್ಮ ಹಿತವಲಯದಿಂದಾಚೆಗೆ ಹೆಜ್ಚೆ ಇರಿಸುವುದು, ಇಂತಹ ಪ್ರಾಯೋಗಿಕ ಕಸರತ್ತುಗಳ ಮುಖಾಂತರ ನಿಮ್ಮದೇ ಇಕಿಗಾಯ್ನ್ನು ಕಂಡುಕೊಳ್ಳುವುದು. ಇಕಿಗಾಯ್ ಎಂಬುದು, ನಮ್ಮ ಗಾಢ ಅನುರಕ್ತಿ, ಹಂಬಲ (ನಾವೇನನ್ನು ಪ್ರೀತಿಸುತ್ತೇವೊ ಅದು), ನಮ್ಮ ಉದ್ದಿಷ್ಟ ಕಾರ್ಯ (ಏನನ್ನು ನಾವು ಕೊಡುಗೆಯಾಗಿ ನೀಡಲು ಆಶಿಸುತ್ತೇವೊ ಅದು), ನಮ್ಮ ಪ್ರವೃತ್ತಿ (ಜಗತ್ತಿಗೆ ನಾವು ಅರ್ಪಿಸಬೇಕಿರುವ ಉಡುಗೊರೆ) ಹಾಗೂ ನಮ್ಮ ಉದ್ಯೋಗ(ನಮ್ಮ ಗಾಢ ಅನುರಕ್ತಿಗಳು ಮತ್ತು ಪ್ರತಿಭೆಗಳು ಜೀವನೋಪಾಯಕ್ಕೊಂದು ದಾರಿಯಾಗಬಲ್ಲವು) ಇವೆಲ್ಲವೂ ಸಂಧಿಸಿ ನಮಗೊಂದು ವೈಯಕ್ತಿಕ ಅರ್ಥ ನೀಡುವ ಜಾಗ. ನೀವು ಒಂದು ಸಮತೋಲನದ ಜೀವನವನ್ನನುಭವಿಸಲು ಶಕ್ಯವಾಗುವಂತೆ ಈ ಎಲ್ಲಾ ಮೂಲಧಾತುಗಳನ್ನು ಒಗ್ಗೂಡಿಸುವಲ್ಲಿ ಈ ಪುಸ್ತಕ ನಿಮಗೆ ಸಹಾಯ ಮಾಡುತ್ತದೆ. ನಮ್ಮ ಇಕಿಗಾಯ್ ಎಂಬುದು ಬದಲಾವಣೆಗೆ ತೀರ ಸಾಮ್ಯವಾದುದ್ದು: ಅದು ನಾವು ಬದುಕಿನ ಯಾವ ಹಂತದಲ್ಲಿದ್ದೇವೆAಬುದರ ಮೇಲೆ ಅವಲಂಬಿಸಿ ಪರಿವರ್ತಿತವಾಗುವ ಒಂದು ನಿಯತಾಂಕ. ನಾವು ‘ಅಸ್ತಿತ್ವದಲ್ಲಿರುವುದರ ಕಾರಣ/ಹೇತು’ ಅಂದರೆ ನಮ್ಮ ಇಕಿಗಾಯ್ ಎಂಬುದೇನಿದೆಯೋ ಅದು ನಮಗೆ ೧೫ ವರ್ಷವಾಗಿದ್ದಾಗ ಇದ್ದುದ್ದರ ಮಟ್ಟದಲ್ಲೇ ನಮಗೆ ಎಪ್ಪತ್ತು ವರ್ಷವಾದಾಗಲೂ ಇರುವುದಿಲ್ಲ. ಮೂರು ವಿಭಾಗಗಳ ಮುಖಾಂತರ, ಈ ಪುಸ್ತಕವು ಅದನ್ನು ಒಪ್ಪಿಕೊಂಡು ಅಪ್ಪಿಕೊಳ್ಳುವಲ್ಲಿ ನಿಮಗೆ ಸಹಾಯ ಮಾಡುತ್ತದೆ- ನೀವು ನಿಮ್ಮ ವರ್ತಮಾನ ಕಾಲವನ್ನು ಸುಖವಾಗಿ ಅನುಭವಿಸುವ ಸಲುವಾಗಿ, ನಿಮ್ಮ ಭೂತಕಾಲವನ್ನು ಅರ್ಥೈಸಿಕೊಳ್ಳಲು ಸಹಾಯ ಮಾಡುತ್ತಾ, ನಿಮ್ಮ ಭವಿಷ್ಯವನ್ನು ಸಂಪೂರ್ಣವಾಗಿ ಬದಲಾಯಿಸುವಲ್ಲಿ ಒಂದು ಸಾಧನವಾಗಿ ಕೆಲಸಗೈವುದು. | ||
| 650 |
_aApplied Psychology _9185570 |
||
| 650 |
_aA Practical guide to find happiness and purpose the Japanese way _9185725 |
||
| 650 |
_aBaalinalli Santasa Mattu Uddeshavannu Kandukolluva Japaniyara Prayogika Maargadarshi _9207769 |
||
| 650 |
_a ಬಾಳಿನಲ್ಲಿ ಸಂತಸ ಮತ್ತು ಉದ್ದೇಶವನ್ನು ಕಂಡುಕೊಳ್ಳುವ ಜಪಾನಿಯರ ಪ್ರಾಯೋಗಿಕ ಮಾರ್ಗದರ್ಶಿ _9207770 |
||
| 700 |
_aRamalingegowda (J) _9185289 |
||
| 942 |
_2ddc _cBK |
||
| 999 |
_c231911 _d231911 |
||